Gaming Quiz

Random Gaming Quiz

Guess the sonic the hedgehog characters Quiz Stats

 Plays Quiz not verified by Sporcle

Challenge
Share
Tweet
Embed
Score 0/45 Timer 12:00
0 Plays Today
% Correct
Sonic
99.2%
Tails
94.2%
Shadow
90.3%
Amy
89.5%
Knuckles
88%
Eggman
80.3%
Silver
77.1%
Cream
76.4%
Rouge
73.3%
Blaze
71.8%
Vector
68%
Espio
67.1%
Charmy
66.2%
Big
65.2%
Metal Sonic
57.7%
Cheese
54.2%
Tikal
43.8%
Chaos
42.9%
Mighty
36.4%
Vanilla
35.3%
Froggy
30.2%
E-123 Omega
29.8%
Marine
26.5%
% Correct
E-102 Gamma
23.3%
Eggman Nega
21.7%
Sonia
18.3%
Manic
17.7%
Sally Acorn
16.2%
The Tails Doll
13.3%
Omochao
10.9%
Dr Robotnik
10.8%
Scourge
9.7%
E-101 Beta
9.7%
E-103 Delta
8.2%
E-100 Alpha
6.5%
E-121 Phi
3.3%
E-107 Zeta
2.7%
Bunnie Rabbott
2.1%
E-104 Epsillon
1.8%
E-105 Eta
1.8%
E-106 Theta
1.7%
Antoine De Coolette
1.5%
E-108 Iotta
1.2%
Seelkadoom
1.1%
E-109 Kappa
0.9%

You're not logged in!

Compare scores with friends on all Sporcle quizzes.
OR
Log In

You Might Also Like...

Show Comments

Extras

Created Apr 8, 2010ReportNominate
Tags:character, hedgehog, sonic

Top Quizzes Today


Score Distribution

Your Account Isn't Verified!

In order to create a playlist on Sporcle, you need to verify the email address you used during registration. Go to your Sporcle Settings to finish the process.

Report this User

Report this user for behavior that violates our Community Guidelines.

Details: